| 000 | 00392 a2200133 4500 | ||
|---|---|---|---|
| 082 | _a332.101 | ||
| 090 |
_c4034 _d4034 |
||
| 100 | _aMuhammad Akram Khan | ||
| 245 |
_aIslamic Banking in Pakistan _bThe Future Path _cMuhammad Akram Khan |
||
| 250 | _a2nd Ed. | ||
| 260 |
_aLahore, Pakistan _bAll Pakistan Islamic Education Congress _c1994 |
||
| 500 | _ahardback | ||
| 942 |
_aNBS _cBK _k332.101 KHA |
||
| 999 |
_c346493 _d346493 |
||